| 000 | 02016cad a22002655a 4500 | ||
|---|---|---|---|
| 001 | E147799 | ||
| 008 | 090619s2009 xxk f s000 0 eng d | ||
| 020 | _a9780755990283 | ||
| 035 | _a(Sirsi) u147799 | ||
| 041 | 0 | _aeng | |
| 050 | 0 | 4 | _a306.1 $2 18 |
| 110 | 2 |
_aScotland _bScottish Government _95344 |
|
| 245 | 0 | 0 |
_aPrevention of homelessness guidance _h[electronic resource] |
| 260 |
_aEdinburgh _bScottish Government _c2009 |
||
| 505 | 2 | _aScope and purpose of guidance -- Paragraph -- Summary and key messages -- Introduction -- Background and context -- Target audience and who can help? -- Philosophy and principles of homelessness prevention -- Identifying homelessness risk factors -- Structures, skills and working practices -- Housing options work -- Housing advice and information services -- Tenancy sustainment -- Financial inclusion -- Typology of homelessness prevention -- Particular groups: children and young people; looked after children and young people; armed forces; hospital discharge; leaving prison; multiple and complex needs; domestic abuse; addictions; mental health; family break-ups; refugees -- Measuring impact | |
| 520 | _aAn addition to the Code of Guidance on the Housing (Scotland) Act 1987 Part II, which outlines legislative duties for local authorities when dealing with homelesness. Focuses on prevention of homelessness, and is aimed at local authorities as well as Community Planning Partners, landlords including Registered Social Landlords, elected council members and others involved in dealing with homelessness in the statutory and voluntary sectors. | ||
| 521 | _aAdvanced | ||
| 590 | _aKA | ||
| 650 | 2 | 4 | _aHOUSING (SCOTLAND) ACT 1987 |
| 651 | 4 |
_aScotland _y1999- |
|
| 690 | _aPROPERTY-RESIDENTIAL PROPERTY-DOMESTIC RESIDENTIAL PROPERTY-HOUSING | ||
| 710 | 1 |
_aConvention of Scottish Local Authorities _92093 |
|
| 856 | 4 | 0 |
_uhttps://www.scotland.gov.uk/Publications/2009/06/08140713/0 _zView the guidance free of charge at www.scotland.gov.uk... |
| 942 | _n0 | ||
| 999 |
_c109724 _d109724 |
||